书目信息 |
| 题名: |
抽样审计
|
|
| 作者: | 吴立煦 编著 | |
| 分册: | ||
| 出版信息: | 上海 立信会计出版社 1995 |
|
| 页数: | 225页 | |
| 开本: | 20cm | |
| 丛书名: | ||
| 单 册: | ||
| 中图分类: | F239.1 | |
| 科图分类: | 29.7128 | |
| 主题词: | 抽样调查统计--审计 | |
| 电子资源: | ||
| ISBN: | 7-5429-0280-6 | |
| 000 | 00722n|m0 2200265 450 | |
| 001 | 0102691116 | |
| 005 | 20121116170000.0 | |
| 010 | @a7-5429-0280-6@dCNY9.00 | |
| 011 | @a7-5429-0280-6 | |
| 100 | @a20021005d1995 em y0chiy0110 ea | |
| 101 | 0 | @achi |
| 102 | @aCN@b310000 | |
| 105 | @ay z 000yy | |
| 135 | @adrbn ---auuuu | |
| 200 | 1 | @a抽样审计@9Chou Yang Shen Ji @f吴立煦编著@b电子资源.图书 |
| 210 | @a上海@c立信会计出版社@d1995 | |
| 215 | @a225页@d20cm | |
| 314 | @a吴立煦,上海财经大学任教 | |
| 325 | @a电子复制品 | |
| 606 | 0 | @a抽样调查统计@x审计 |
| 690 | @aF239.1@v3 | |
| 692 | @a29.7128 | |
| 701 | 0 | @a吴立煦@9wu li xu@4编著 |
| 801 | 0 | @aCN@bAZmarc@c20230904 |
| 905 | @dF239.1@e8@f5@sF239.1/8@aBZT | |
| 抽样审计/吴立煦编著[电子资源.图书].-上海:立信会计出版社,1995 |
| 225页;20cm |
| ISBN 7-5429-0280-6:CNY9.00 |
| ● |
| 相关链接 |
|
|
|
正题名:抽样审计
索取号:F239.1/8
 
预约/预借
| 序号 | 登录号 | 条形码 | 馆藏地/架位号 | 状态 | 备注 |
| 1 | 2000099711 | 2000099711 | 旧书回溯/ [索取号:F239.1/8] | 在馆 | |
| 2 | 2000099712 | 2000099712 | 旧书回溯/ [索取号:F239.1/8] | 在馆 | |
| 3 | 2000099733 | 2000099733 | 旧书回溯/ [索取号:F239.1/8] | 在馆 | |
| 4 | 2000116745 | 2000116745 | 旧书回溯/ [索取号:F239.1/8] | 在馆 | |
| 5 | 2000116746 | 2000116746 | 旧书回溯/ [索取号:F239.1/8] | 在馆 |